000 00524nam a22001817a 4500
005 20251108170835.0
008 250721s1979 xx 000 0 ara d
082 1 4 _a216,5/عسي
100 1 _aالعسيلي، عوض عبد المنعم
245 1 0 _aبناء الأسرة في الإسلام /
264 1 _aالقاهرة :
_bدار الإعتصام،
_c1979.
300 _a71ص
650 1 7 _aالأسرة
650 1 7 _aالفقه الاسلامي
650 1 7 _aالزواج
942 _2ddc
_cBK
999 _c50253
_d50253